Catálogo público

Algunos problemas de meteorología (Record no. 51440)

MARC details
000 -CABECERA
campo de control de longitud fija 00936nam a22003017a 4500
003 - IDENTIFICADOR DEL NÚMERO DE CONTROL
campo de control CHAP
005 - FECHA Y HORA DE LA ÚLTIMA TRANSACCIÓN
campo de control 20220817042648.0
008 - DATOS DE LONGITUD FIJA--INFORMACIÓN GENERAL
campo de control de longitud fija 971013s1934 r 00010 d
010 ## - NÚMERO DE CONTROL DE LA BIBLIOTECA DEL CONGRESO
Número de control de LC 51440
011 ## - ENLACE DEL NUMERO DE CONTROL DE LA BIBLIOTECA DEL CONGRESO [OBSOLETO]
Número de control de LC 52412
035 ## - NÚMERO DE CONTROL DEL SISTEMA
Número de control de sistema 56562
040 ## - FUENTE DE LA CATALOGACIÓN
Centro/agencia transcriptor CHAP
082 ## - NÚMERO DE LA CLASIFICACIÓN DECIMAL DEWEY
Número de clasificación 551.5
Número de documento/Ítem T68a
100 00 - ENTRADA PRINCIPAL--NOMBRE DE PERSONA
Nombre de persona Toscano, Ricardo.
9 (RLIN) 114343
245 ## - MENCIÓN DE TÍTULO
Título Algunos problemas de meteorología
260 ## - PUBLICACIÓN, DISTRIBUCIÓN, ETC.
Lugar de publicación, distribución, etc. México, D.F. :
Nombre del editor, distribuidor, etc. (s.e.),
Fecha de publicación, distribución, etc. 1934
300 ## - DESCRIPCIÓN FÍSICA
Extensión 108 p.
Otras características físicas : ilus.
590 ## - NOTA LOCAL (RLIN)
Nota local BATCH-UPD
Procedencia (VM) [OBSOLETO] 10
Condición del los carretes individuales (VM) [OBSOLETO] 20130110
-- UCH01
-- 1702
590 ## - NOTA LOCAL (RLIN)
Nota local BATCH-UPD
Procedencia (VM) [OBSOLETO] 10
Condición del los carretes individuales (VM) [OBSOLETO] 20130410
-- UCH01
-- 1049
590 ## - NOTA LOCAL (RLIN)
Nota local BATCH-UPD
Procedencia (VM) [OBSOLETO] 10
Condición del los carretes individuales (VM) [OBSOLETO] 20130914
-- UCH01
-- 1815
590 ## - NOTA LOCAL (RLIN)
Nota local CONVERSION
Procedencia (VM) [OBSOLETO] 10
Condición del los carretes individuales (VM) [OBSOLETO] 20130109
-- UCH01
-- 1328
650 14 - PUNTO DE ACCESO ADICIONAL DE MATERIA--TÉRMINO DE MATERIA
Término de materia o nombre geográfico como elemento de entrada Meteorología.
901 ## - ELEMENTOS DE DATOS A LOCAL LDA (RLIN)
a BK
942 ## - ELEMENTOS DE PUNTO DE ACCESO ADICIONAL (KOHA)
Tipo de ítem Koha Libro
949 ## - PROCESAMIENTO DE INFORMACIÓN LOCAL (OCLC)
a 551.5 T68a
b BC
c BPA
d -123528
e BPA
f c.2
i 56562
s i
949 ## - PROCESAMIENTO DE INFORMACIÓN LOCAL (OCLC)
a 551.5 T68a
b BC
c LIBRO
d -123527
e LIBRO
h 7799
i 56562
s i
949 ## - PROCESAMIENTO DE INFORMACIÓN LOCAL (OCLC)
a 551.5 T68a
b BC
c LIBRO
d -123529
e LIBRO
f c.3
h 7800
i 56562
s i
Holdings
Estado de retiro Estado de pérdida Fuente del sistema de clasificación o colocación Estado dañado Restricciones de uso No para préstamo Código de colección Localización permanente Ubicación/localización actual Ubicación en estantería Fecha de adquisición Información codificada de la localización en otra ubicación Total de préstamos Signatura topográfica completa Código de barras Fecha visto por última vez Precio válido a partir de Tipo de ítem Koha Número de copia Nota pública
    Dewey Decimal Classification   Préstamo 15 días   General Biblioteca Central Biblioteca Central Planta alta - Colección General 17/12/2012 LIBRO   551.5 T68a -123527 31/12/2019 31/12/2019 Libro    
    Dewey Decimal Classification   Préstamo 15 días   General Biblioteca Central Biblioteca Central Planta alta - Colección General 31/12/2019 LIBRO   551.5 T68a -123529 31/12/2019 31/12/2019 Libro c.3  
Material descartado       Préstamo interno2 Excluido de préstamo Material descartado Biblioteca Central Biblioteca Central   31/12/2019 LIBRO   551.5 T68a -123528 31/12/2019 31/12/2019 Libro c.2 Recien adquirido